| 000 | 00696nam a22001817a 4500 | ||
|---|---|---|---|
| 999 |
_c14919 _d14919 |
||
| 003 | OSt | ||
| 082 | _2631.3 SAL/DE | ||
| 088 | _a363 | ||
| 100 |
_aSALSAN K _93715 |
||
| 245 | _aDesign and development of a lime applicator attachment to tractor operated rotavator | ||
| 260 |
_aTavanur 2017 _bDEPARTMENT OF FARM POWER MACHINERY AND ENERGY |
||
| 300 | _a95 | ||
| 500 | _aDesign and development of a lime applicator attachment to tractor operated rotavator | ||
| 520 | _aDesign and development of a lime applicator attachment to tractor operated rotavator | ||
| 700 |
_aDr. Preman P.S (Guide) _93979 |
||
| 856 | _uhttps://drive.google.com/open?id=1QVvFkSfOVqRPRDDkmUY_8SsUci-gyjnX | ||
| 942 | _cTH | ||